Στατιστικές μέθοδοι
Αποθηκεύτηκε σε:
| Κύριος συγγραφέας: | |
|---|---|
| Μορφή: | Βιβλίο |
| Γλώσσα: | Greek |
| Δημοσίευση: |
Θεσσαλονίκη :
ΖΗΤΗ,
1999.
|
| Θέματα: | |
| Ετικέτες: |
Προσθήκη ετικέτας
Δεν υπάρχουν, Καταχωρήστε ετικέτα πρώτοι!
|
MARC
| LEADER | 00000cam a2200000 i 4500 | ||
|---|---|---|---|
| 001 | 1/8716 | ||
| 008 | 000714s1999 gr | ||| |||| ||gre|| | ||
| 020 | |a 9604315137 | ||
| 035 | |l 10062787 | ||
| 040 | |a GR-MyUA |b gre |e AACR2 | ||
| 041 | 0 | |a gre | |
| 082 | 0 | |a 519.5 | |
| 100 | 1 | |a Ιωαννίδης, Δημήτρης Α. | |
| 245 | 1 | 0 | |a Στατιστικές μέθοδοι / |c Δημήτρη Α. Ιωαννίδη. |
| 260 | |a Θεσσαλονίκη : |b ΖΗΤΗ, |c 1999. | ||
| 300 | |a 267 σ. : |b εικ. ; |c 24 εκ. | ||
| 504 | |a Περιέχει βιβλιογραφικές αναφορές. | ||
| 505 | 0 | |a Τ. 1. Περιγραφική στατιστική, θεωρία πιθανοτήτων, στατιστική συμπερασματολογία, απλή γραμμική παλινδρόμηση, ανάλυση διακύμανσης. | |
| 650 | 0 | 0 | |a Statistics. |
| 650 | 0 | 0 | |a Probabilities. |
| 852 | |a INST |b SAMOS |e 20000714 |h 519.5 ΙΩΑ |p 005300019287 |q 005300019287 |t BK |y 0 |z τ.1 | ||
| 852 | |a INST |b SAMOS |e 20000714 |h 519.5 ΙΩΑ |p 005300019288 |q 005300019288 |t BK |y 0 |z τ.1 | ||
| 852 | |a INST |b SAMOS |e 20000714 |h 519.5 ΙΩΑ |p 005300019287 |q 005300019287 |t BK |v τ.1: |y 0 |z τ.1 | ||
| 852 | |a INST |b SAMOS |e 20000714 |h 519.5 ΙΩΑ |p 005300019288 |q 005300019288 |t BK |v τ.1: |y 0 |z τ.1 | ||
| 853 | |a INST |b SAMOS |h 519.5 ΙΩΑ | ||
| 901 | |a BIBL3-2000-2 | ||
| 909 | |a Σ |b 079304 | ||
| 909 | |a Σ |b 079305 | ||
| 970 | |a ΜΑΛΑΓΑΡΗ |b ΦΩΤΕΙΝΗ |z 2000/07/14 | ||